|
|
|
|
| LEADER |
00000naa a2200000 i 4500 |
| 001 |
publ513 |
| 005 |
20151110112828.0 |
| 008 |
151110s2007 hu o 000 zxx d |
| 040 |
|
|
|a BGE Publikációtár Repozitórium
|b hun
|
| 100 |
1 |
|
|a Csesznák Anita
|
| 245 |
1 |
0 |
|a Examination of Impact Factors of the Profitability by using Multivariate Statistical Methods
|b Determination of the Profitability Factor
|c Csesznák Anita
|h [elektronikus dokumentum]
|
| 260 |
|
|
|a Budapesti Gazdasági Főiskola
|b Budapest
|c 2007
|
| 300 |
|
|
|a 130-137
|
| 490 |
0 |
|
|a Tudományos évkönyv 2006: Stratégiák 2007 és 2013 között.
|
| 650 |
|
4 |
|a matematika- és számítástudományok
|
| 695 |
|
|
|a Jövedelmezıőség
|
| 695 |
|
|
|a Statisztikai módszerek
|
| 856 |
4 |
0 |
|u https://publikaciotar.uni-bge.hu/id/eprint/513/1/Cseszn%C3%A1k%20Anita%20-%20Examination%20of%20Impact%20Factors%20of%20the%20Profitability%20by%20using%20Multivariate%20Statistical%20Methods.pdf
|z Dokumentum-elérés
|